000 00418nam a2200157Ia 4500
008 210210b1989 xxu||||| |||| 00| 0 eng d
041 _aeng
082 _a576.028 MICR
100 _aMICROBIOLOGY LAB MANUAL
245 _aMICROBIOLOGY LAB MANUAL may 1989.
260 _aAhmedabad.
_bNot Mentioned
_c1989
300 _avii,139
650 _aMicrobiology Laboratory Manual
690 _aMicrobiology
906 _a049724
999 _c98670
_d98670